000 00326nam a2200109Ia 4500
005 20251222144832.0
008 251222s9999||||xx |||||||||||||| ||spa||
082 _a708.44/P53R
245 0 _aRichersses de La Céramique Dans les Museús de Picardie
264 _bAssociation Regionales des Consevateuis de Picardia
942 _cLIB
999 _c20906
_d20906